Профориентационная поддержка абитуриентов в порядке призвания; Воспитание личности на рубеже веков: взгляд из Сибири

Bibliografiske detaljer
Parent link:Воспитание личности на рубеже веков: взгляд из Сибири.— 2001.— С. 74-76.
Hovedforfatter: Иванкина Л. И. Любовь Ивановна
Andre forfattere: Берестнева О. Г. Ольга Григорьевна, Кирдяшова О. Н.
Sprog:russisk
Udgivet: 2001
Fag:
Format: Book Chapter
KOHA link:https://koha.lib.tpu.ru/cgi-bin/koha/opac-detail.pl?biblionumber=77881

MARC

LEADER 00000naa2a2200000 4500
001 77881
005 20240111113437.0
035 |a (RuTPU)RU\TPU\book\83484 
090 |a 77881 
100 |a 20050601d2001 k y0rusy50 ca 
101 0 |a rus 
102 |a RU 
200 1 |a Профориентационная поддержка абитуриентов в порядке призвания  |f Л. И. Иванкина, О. Г. Берестнева, О. Н. Кирдяшова 
463 1 |0 (RuTPU)RU\TPU\book\25682  |t Воспитание личности на рубеже веков: взгляд из Сибири  |o тезисы 2-й межвузовской научно-практической конференции, 20-21 февраля, 2001 г., Томск  |f ТПУ  |v С. 74-76.  |d 2001  |p 192 с. 
610 1 |a абитуриенты 
610 1 |a профориентационная поддержка 
610 1 |a профессиональное самоопределение 
610 1 |a психология инженерной деятельности 
610 1 |a компьютерные системы 
610 1 |a системы профориентирования 
610 1 |a труды учёных ТПУ 
700 1 |a Иванкина  |b Л. И.  |c специалист в области философии, социологии и психологии образования  |c профессор Томского политехнического университета, доктор философских наук  |f 1956-  |g Любовь Ивановна  |3 (RuTPU)RU\TPU\pers\25426 
701 1 |a Берестнева  |b О. Г.  |c специалист в области информатики и вычислительной техники  |c профессор Томского политехнического университета, доктор технических наук  |f 1953-  |g Ольга Григорьевна  |3 (RuTPU)RU\TPU\pers\24545  |9 10845 
701 1 |a Кирдяшова  |b О. Н. 
801 1 |a RU  |b 63413507  |c 20050601  |g PSBO 
801 2 |a RU  |b 63413507  |c 20130311  |g RCR 
942 |c BK